000 00717cam a2200193 a 4500
020 _a0195790170
082 0 0 _a320.532091593
_bBRA
_cN-01,P-39
100 1 _aBradsher, Henry S.
_937609
245 1 0 _aAfghan communism and Soviet intervention /
_cHenry S. Bradsher.
260 _aOxford ;
_aNew York :
_bOxford University Press,
_c1999.
300 _axviii, 443 p. ;
_c23 cm.
526 _a0
_b0
_c0
_d320_532091593000000_BRA
650 0 _aCommunism
_zAfghanistan
_xHistory
_937610
650 0 _aCommunism
_zAfghanistan.
_937611
650 0 _aMCE
_9379
856 4 2 _uhttp://www.loc.gov/catdir/enhancements/fy0635/00267153-d.html
856 4 2 _uhttp://www.loc.gov/catdir/enhancements/fy0723/00267153-b.html
942 _2ddc
_cBK
999 _c542437
_d542437